000 00503ntaaa2200193 4500
003 01
005 20251027202856.0
008 0714s1973 ag 01
040 _aAR-BaBN
_bspa
_cAR-BaBN
_eaacr
_dRIC
082 _a269.2000 B54
100 _aBisagno, John R
_920069
245 _aThe power of positive evangelism
250 _a1 ed.
260 _aNashville :
_bBroadman Press,
_cc1968
300 _a64 p
500 _aComo dirigir campañas evangelísticas
650 _aevangelismo
_9336
942 _cBK
999 _c24108
_d24108